00357 2200145 4500001002100000008004100021035002000062245002500082100001900107260003100126300002000157082001100177650001000188990001300198INLIS000000000000614 ind  a0010-0322000614 aAYAM BERTANDUKcIKHA aGIBRAN MAULANA aSURABAYAbCV CAHAYA AGENCY a24 hlm.c19 cm. a398.24 aFABEL a102823-1